Water Resource Engineering / (Record no. 88084)

MARC details
000 -LEADER
fixed length control field 00454nam a2200169Ia 4500
005 - DATE AND TIME OF LATEST TRANSACTION
control field 20140911125957.0
010 ## - LCCN (DPL NO)
LC control number BAC-EN21
020 ## - INTERNATIONAL STANDARD BOOK NUMBER
International Standard Book Number 9788126531646
Terms of availability 789.00
037 ## - SOURCE OF ACQUISITION
Source of stock number/acquisition Asian Book Centre/Ven
100 ## - MAIN ENTRY--PERSONAL NAME
Personal name Mays, Larry W.
245 ## - TITLE STATEMENT
Title Water Resource Engineering /
Statement of responsibility, etc by Larry W. Mays
250 ## - EDITION STATEMENT
Edition statement 2nd ed.
260 ## - PUBLICATION, DISTRIBUTION, ETC. (IMPRINT)
Date of publication, distribution, etc 2012
Place of publication, distribution, etc New Delhi
Name of publisher, distributor, etc Wiley India
300 ## - PHYSICAL DESCRIPTION
Dimensions 24cm(pbk)
Extent 890p.:
Other physical details ill.
942 ## - ADDED ENTRY ELEMENTS (KOHA)
Item type English Books
Source of classification or shelving scheme Dewey Decimal Classification

No items available.


© Delhi Public Library
Hit Counter
free hit counter